An exposition of the Bible : (Record no. 3070)
[ view plain ]
| 000 -LEADER | |
|---|---|
| fixed length control field | 00662nam a2200145 4500 |
| 008 - FIXED-LENGTH DATA ELEMENTS--GENERAL INFORMATION | |
| fixed length control field | 010817s1904 us engOX |
| 090 ## - LOCALLY ASSIGNED LC-TYPE CALL NUMBER (OCLC); LOCAL CALL NUMBER (OCLC) | |
| Classification number (OCLC) (R) ; Classification number, CALL (RLIN) (NR) | BS491 |
| Local cutter number (OCLC) ; Book number/undivided call number, CALL (RLIN) | Ex7 |
| 100 1# - MAIN ENTRY--PERSONAL NAME | |
| Personal name | Dods, Marcus |
| 245 10 - TITLE STATEMENT | |
| Title | An exposition of the Bible : |
| Remainder of title | a series of expositions covering all the books of the Old and New Testaments / |
| Statement of responsibility, etc | Marcus Dods. |
| 260 ## - PUBLICATION, DISTRIBUTION, ETC. (IMPRINT) | |
| Place of publication, distribution, etc | Hartford, Conn. : |
| Name of publisher, distributor, etc | S. S. Scranton, |
| Date of publication, distribution, etc | c1904. |
| 300 ## - PHYSICAL DESCRIPTION | |
| Extent | 6 volumes |
| 505 0# - FORMATTED CONTENTS NOTE | |
| Formatted contents note | Contents: vol. 1: Genesis-Ruth; vol. 2:Samuel-Job; vol.3:Psalms-Isaiah; vol.4:Jeremiah-St. Mark; vol. 5:St. Luke -Galatians; vol. 6:Ephesians-Revelation. |
| 650 #4 - SUBJECT ADDED ENTRY--TOPICAL TERM | |
| Topical term or geographic name as entry element | Bible |
| General subdivision | Commentaries. |
| 951 ## - EQUIVALENCE OR CROSS-REFERENCE-GEOGRAPHIC NAME/AREA NAME [OBSOLETE] [CAN/MARC only] | |
| -- | 4611 |
| -- | BS491/Ex7-II |
| -- | 070613110947656 |
| -- | 2000-12-21 |
| -- | REF |
| Withdrawn status | Lost status | Damaged status | Not for loan | Home library | Current library | Shelving location | Date acquired | Accession number | Shelving control number | Total Checkouts | Full call number | Date last seen | Price effective from | Koha item type |
|---|---|---|---|---|---|---|---|---|---|---|---|---|---|---|
| BSOP Library | BSOP Library | Reference | 12/21/2000 | 4611 | 127 | BS491/Ex7-II | 02/23/2013 | 02/23/2013 | Books |
